Storia della Repubblica italiana dalla caduta del fascismo a oggi / (Record no. 33863)

MARC details
000 -LEADER
campo de control de longitud fija 00502nam a2200181 i 4500
001 - NÚMERO DE CONTROL
campo de control 33863
003 - IDENTIFICADOR DE NÚMERO DE CONTROL
campo de control ES-MaACL
005 - FECHA Y HORA DE LA ÚLTIMA TRANSACCIÓN
campo de control 20230906154832.0
007 - CAMPO FIJO DE DESCRIPCIÓN FÍSICA--INFORMACIÓN GENERAL
campo de control de longitud fija t|
008 - DATOS DE LONGITUD FIJA--INFORMACIÓN GENERAL
campo de control de longitud fija 030203s1982 it ||||1| ita d
100 1# - ENTRADA PRINCIPAL--NOMBRE DE PERSONA
Nombre de persona Bocca, Giorgio.
9 (RLIN) 29658
245 10 - MENCIÓN DEL TÍTULO
Título Storia della Repubblica italiana dalla caduta del fascismo a oggi /
Mención de responsabilidad, etc. Giorgio Bocca.
250 ## - MENCION DE EDICION
Mención de edición 2ª ed.
260 ## - PUBLICACIÓN, DISTRIBUCIÓN, ETC.
Lugar de publicación, distribución, etc. Milano :
Nombre del editor, distribuidor, etc. Rizzoli,
Fecha de publicación, distribución, etc. 1982.
300 ## - DESCRIPCIÓN FÍSICA
Extensión 259 p. ;
Dimensiones 22 cm.
500 ## - NOTA GENERAL
Nota general Indices.
852 ## - LOCALIZACIÓN
Ubicación ES-MaACL
Número de control de estantería L-11667
Sublocalización o colección R.113419
Holdings
Estatus retirado Estado de pérdida Estado de daño No para préstamo Biblioteca de origen Biblioteca actual Ubicación en estantería Fecha de adquisición Fuente de adquisición Total de préstamos Signatura topográfica completa Código de barras Visto por última vez Precio de reemplazo Tipo de ítem Koha
        Biblioteca del Ateneo de Madrid Biblioteca del Ateneo de Madrid Depósito 2 17/01/2008     L-11667 1035259 23/02/2023 23/02/2023 Libro impreso